000 00240nam a2200097Ia 4500
008 230508s1999 xx 000 0 und d
041 _aeng
100 _aSAY M.G.
245 _aTHE PERFORMANCE & DESIGN OF ALTERNETING
260 _bC.B.S.
_c1999
999 _c336034
_d336034